所有“北山Q男”歌曲(图片测验) - Statistics

General Stats
  • This quiz has been taken 4 times
  • The average score is 17 of 31
Answer Stats
Picture Answer % Correct
杞珍的法棍沙拉船
100%
穿山甲的百科全書
67%
好想跟你在一漆
67%
痘痘🐲
67%
愛上一個愛回家的人
67%
先行一車砸砸砸
67%
雲端揮手
67%
67%
路貓貓咪吃飯飯
67%
貓貓是國際喵~
67%
你永遠不可能比貓可愛
67%
大大控
67%
鮑利紐曼麗娃防癌操
67%
天慈中醫診所38
67%
D.P.H.
67%
gogogogogogogogogoggogogogoogogogoggoogg
67%
Kuma夢遊吃咖哩
67%
Lukermanoteria
67%
OOOO
67%
請不要摸婐ㄉ屁股
33%
當貓也是很辛苦
33%
請不要在睡覺的時候偷摸我
33%
33%
人類最後的一天
33%
你的邪惡
33%
C Chord
33%
Come To Kuma's Basement
33%
C.R.I.N.D.
33%
Kuma's Secret Basement
33%
Sleep In Kuma's Basement
33%
Something In Kuma's Basement
33%
No matching quizzes found
Score Distribution
Percent of People with Each Score
Percentile by Number Answered
Your Score History
You have not taken this quiz